Elementos orgánicos de maquinas

El estudio presenta un proyecto de transmisión mecánica, basados en los contenidos de las asignaturas de elementos orgánicos de máquinas I y elementos orgánicos de máquinas II.

Bibliographic Details
Main Authors: Sánchez Casanova, Noel, Espinoza Fonseca, Carlos
Other Authors: Tutor: Torres Briones, Roberto
Format: Tesis Section = Libro
Language:Undetermined
Spanish
Published: Managua UNI 1998
Subjects:
LEADER 00950nam a2200277Ia 4500
008 240830s9999 xx 000 0 und d
040 |a BIBLIOTECA-RUPAP Mon 621.815 S211 
041 |a spa 
082 |a Mon 621.815 S211 
100 1 |a Sánchez Casanova, Noel 
100 1 |b  Espinoza Fonseca, Carlos 
245 1 0 |a Elementos orgánicos de maquinas 
260 |a Managua  |b UNI  |c 1998 
300 |a 205 p. :il. 
500 |a Contiene: anexos. 
502 |a Tesis (Ingeniero Mecánico)- UNI, 1998. 
520 3 |a El estudio presenta un proyecto de transmisión mecánica, basados en los contenidos de las asignaturas de elementos orgánicos de máquinas I y elementos orgánicos de máquinas II. 
650 7 |a MAQUINARIA 
650 7 |b DISEÑO DE MAQUINAS 
650 7 |c CALCULO 
650 7 |d SISTEMAS DE LUBRICACION 
650 7 |e MOTOR ELECTRICO 
700 1 |a Tutor:  |b Torres Briones, Roberto 
942 |c BK  |2 ddc 
991 |a TESIS 
999 |c 15816